000 00520cam a2200181ua 4500
001 12149
008 200224n ii |||gr||||Z||||||eng
020 _a8183243053
040 _cMAIN
082 _a301.0954
100 _aMandira Barthakur Saikia,
_eAuthor.
245 _aStudies in north east india :
_bStudy on assamese textiles /
_cBy Mandira Barthakur Saikia .
250 _a1st ed.
260 _aNew Delhi:
_bMittal publications,
_c2013.
300 _a206p.
653 _aSociology & anthropology
942 _cBK
999 _c10916
_d10916